| 000 | 00929cam a22002778i 4500 | ||
|---|---|---|---|
| 001 | 21888871 | ||
| 005 | 20250512100722.0 | ||
| 008 | 210202s2021 nyu b 001 0 eng | ||
| 010 | _a 2021001118 | ||
| 020 | _a9780367358556 | ||
| 020 | _a9780367363673 | ||
| 020 | _z9780429345463 | ||
| 040 |
_aDLC _beng _erda _cDLC |
||
| 042 | _apcc | ||
| 050 | 0 | 0 | _aLB 1028.3 .I28 2021 |
| 245 | 0 | 0 |
_aICT and international learning ecologies : _brepresentation and sustainability across contexts / _cedited by Ian A. Lubin. |
| 260 |
_aNew York, NY: _bRoutledge, _c2021 |
||
| 263 | _a2106 | ||
| 300 | _axiii, 213 pages. | ||
| 504 | _aIncludes bibliographical references and index. | ||
| 650 | 0 |
_aEducational technology _xSocial aspects. |
|
| 650 | 0 |
_aEducation _xEnvironmental aspects. |
|
| 650 | 0 | _aEducation and globalization. | |
| 700 | 1 |
_aLubin, Ian A., _eeditor. |
|
| 942 |
_2lcc _cBOOKS _hLB 1028.3 .I28 2021 |
||
| 999 |
_c32211 _d32211 |
||